|
|
|
|
| LEADER |
00000nam0a2200000 4500 |
| 001 |
288292 |
| 005 |
20231102000056.0 |
| 020 |
|
|
|a RU
|b 85-65212
|
| 035 |
|
|
|a (RuTPU)RU\TPU\book\312750
|
| 090 |
|
|
|a 288292
|
| 100 |
|
|
|a 20150324d1985 m y0rusy5003 ca
|
| 101 |
0 |
|
|a rus
|
| 102 |
|
|
|a UA
|
| 105 |
|
|
|a a z 001zb
|
| 200 |
1 |
|
|a Светомузыка Это интересно!
|f В. В. Ефимов
|
| 210 |
|
|
|a Киев
|c Радянська школа
|d 1985
|
| 215 |
|
|
|a 64 с.
|c ил.
|
| 225 |
1 |
|
|a Юному технику
|
| 320 |
|
|
|a Библиогр.: с. 63
|
| 600 |
|
1 |
|a Скрябин
|b А. Н.
|c русский композитор
|f 1872-1915
|g Александр Николаевич
|2 stltpush
|3 (RuTPU)RU\TPU\pers\11067
|9 2442
|
| 606 |
1 |
|
|a Светомузыка
|2 stltpush
|3 (RuTPU)RU\TPU\subj\54165
|9 72324
|
| 610 |
1 |
|
|a свет
|
| 610 |
1 |
|
|a звук
|
| 610 |
1 |
|
|a музыка
|
| 610 |
1 |
|
|a история
|
| 610 |
1 |
|
|a аппаратура
|
| 610 |
1 |
|
|a конструкции
|
| 610 |
1 |
|
|a схемы
|
| 610 |
1 |
|
|a чертежи
|
| 675 |
|
|
|a 681.82
|z rus
|v 3
|
| 700 |
|
1 |
|a Ефимов
|b В. В.
|g Владимир Владимирович
|4 070
|
| 801 |
|
0 |
|a RU
|b RuMRKP
|c 19950704
|g psbo
|
| 801 |
|
1 |
|a RU
|b 63413507
|c 20150324
|
| 801 |
|
2 |
|a RU
|b 63413507
|c 20180328
|g RCR
|
| 942 |
|
|
|c BK
|